00978cam a22002778i 45000010009000000050017000090080041000260100017000670200018000840200015001020400023001170410008001400420008001480800017001560820021001731000007001941010008002012450217002092460024004262630009004505040051004599060045005109420012005559990017005679520116005841963240320180220093527.0170512m20179999dcu b 001 0 eng  a 2017014790 a9781433827921 a1433827921 aDLCbengerdacDLC aeng apcc a155.333 JUD00a155.333 JUD223 a49 aPSI00a psychology of women /cCheryl B. Travis, PhD, and Jacquelyn W. White, PhD. editors-in-chief, Alexandra Rutherford, PhD, Wendi S. Williams, PhD, Sarah L. Cook, PhD, and Karen Fraser Wyche, PhD, associate editors.30aPsychology of women a1111 aIncludes bibliographical references and index. a0bvipcorignewd1eecipf20gy-gencatlg 2ddccBK c42956d42956 00102udc40708PËKGa002b002cPËKGd2018-02-20l0o155.333 JUDp002-2998286r2018-02-20w2018-02-20yBK